Obchod v tieni pandémie a prichádzajúcej inflácie
Približne tak by sa dala stručne charakterizovať atmosféra i realita, v ktorej sa nachádzalo podnikanie v obchode na Slovensku od roku 2021 prakticky až doposiaľ. Ak sa pozrieme na situáciu, do akej vstupoval širokospektrálny obchod na začiatku roku 2021, vidíme úspešné uplatňovanie protipandemickýc...
Salvato in:
| Autore principale: | |
|---|---|
| Natura: | Capitolo di libro |
| Lingua: | slovacco |
| Soggetti: | |
| Tags: |
Nessun Tag, puoi essere il primo ad aggiungerne!!
|
MARC
| LEADER | 00000naa a2200000 4500 | ||
|---|---|---|---|
| 001 | 0290805 | ||
| 005 | 20240417075224.5 | ||
| 041 | 0 | |a slo | |
| 044 | |a CZ | ||
| 245 | 1 | 0 | |a Obchod v tieni pandémie a prichádzajúcej inflácie |c Ľubomír Drahovský |
| 520 | |a Približne tak by sa dala stručne charakterizovať atmosféra i realita, v ktorej sa nachádzalo podnikanie v obchode na Slovensku od roku 2021 prakticky až doposiaľ. Ak sa pozrieme na situáciu, do akej vstupoval širokospektrálny obchod na začiatku roku 2021, vidíme úspešné uplatňovanie protipandemických opatrení z predchádzajúcich časových období až dodnes. | ||
| 610 | 2 | 0 | |a podnikanie |
| 610 | 2 | 0 | |a pandémia |
| 610 | 2 | 0 | |a inflácia |
| 610 | 2 | 0 | |a analýzy |
| 610 | 2 | 0 | |a sortiment obchodný |
| 610 | 2 | 0 | |a obchod elektronický |
| 100 | 1 | |a Drahovský, Ľubomír | |